Principios de economía política / (Record no. 187834)

MARC details
000 -LEADER
campo de control de longitud fija 00825nam a2200217 i 4500
001 - NÚMERO DE CONTROL
campo de control 187834
003 - IDENTIFICADOR DE NÚMERO DE CONTROL
campo de control SpMaBN
005 - FECHA Y HORA DE LA ÚLTIMA TRANSACCIÓN
campo de control 20250721062646.0
008 - DATOS DE LONGITUD FIJA--INFORMACIÓN GENERAL
campo de control de longitud fija 180312s1865 sp |||| | spa d
080 ## - NÚMERO DE LA CLASIFICACIÓN DECIMAL UNIVERSAL
Número de la Clasificación Decimal Universal 33
100 1# - ENTRADA PRINCIPAL--NOMBRE DE PERSONA
Nombre de persona Colmeiro, Manuel (
Fechas asociadas al nombre 1818-1894)
9 (RLIN) 39768
245 10 - MENCIÓN DEL TÍTULO
Título Principios de economía política /
Mención de responsabilidad, etc. por el doctor D. Manuel Colmeiro.
250 ## - MENCION DE EDICION
Mención de edición 2ª ed., notablemente aum.
260 ## - PUBLICACIÓN, DISTRIBUCIÓN, ETC.
Lugar de publicación, distribución, etc. Madrid :
Nombre del editor, distribuidor, etc. [s.n.],
Fecha de publicación, distribución, etc. 1865 (
Fabricante : Imp. de F. Martínez García)
300 ## - DESCRIPCIÓN FÍSICA
Extensión 577 p. ;
Dimensiones 17 cm.
530 ## - NOTA DISPONIBLE DE FORMULARIO FÍSICO ADICIONAL
Nota de formato físico adicional disponible Disponible en formato digital.
650 07 - PUNTO DE ACCESO ADICIONAL DE MATERIA--TÉRMINO DE MATERIA
Término de materia o nombre geográfico como elemento de entrada Economía
Fuente del encabezamiento o término embne
9 (RLIN) 12006
852 ## - LOCALIZACIÓN
Ubicación ES-MaACL
Número de control de estantería L-31898
Nota libre - Enc. hol.
-- . - Donat. herederos de la bibl. de Mª del Pilar Costa Palacín
856 41 - LOCALIZACIÓN Y ACCESO ELECTRÓNICOS
Identificador Uniforme de Recursos <a href="http://bdh-rd.bne.es/viewer.vm?id=0000101101&page=1 ">http://bdh-rd.bne.es/viewer.vm?id=0000101101&page=1 </a>
Nota pública Biblioteca Digital Hispánica
Holdings
Estatus retirado Estado de pérdida Estado de daño No para préstamo Colección Biblioteca de origen Biblioteca actual Ubicación en estantería Fecha de adquisición Fuente de adquisición Total de préstamos Signatura topográfica completa Código de barras Visto por última vez Precio de reemplazo Tipo de ítem Koha
        Colección digital Biblioteca del Ateneo de Madrid Biblioteca del Ateneo de Madrid Depósito 2 12/03/2018     L-31898 1198467 23/02/2023 23/02/2023 Libro impreso antiguo